Maziva a speciální oleje Základy tribotechniky

Enregistré dans:
Détails bibliographiques
Auteurs principaux: Štěpina, Václav, 1922-, Veselý, Václav, 1911-1997 (Auteur)
Autres auteurs: Zajmus, Marián (gup)
Format: Livre
Langue:tchèque
Publié: Bratislava Veda 1980
Édition:1. vyd.
Accès en ligne:Voir à l'OPAC
Tags: Ajouter un tag
Pas de tags, Soyez le premier à ajouter un tag!

MARC

LEADER 00000nam a2200000 a 4500
005 20260127134209.0
008 131003s1980 CS 0 cze
015 |a SNBA1980 
020 |c 80 Kčs. (1000 výtl.) 
035 |a vtls001109000 
035 |a SNK000051842 
039 9 |a 201310031132  |b VLOAD  |c 201306201511  |d VLOAD  |c 201305302052  |d VLOAD  |c 201009171242  |d mschk03  |y 200412241909  |z VLOAD 
040 |a SNK  |b slo  |c SNK  |d STUSCHK1  |e AACR2 
041 0 |a cze 
044 |a [CS] 
080 |a 621.892(035.3)  |2 1981 
080 |a 665.4/.6(035.3)  |2 1981 
100 1 |a Štěpina, Václav,  |d 1922-  |9 611 
245 1 |a Maziva a speciální oleje  |b Základy tribotechniky  |c Václav Štěpina, Václav Veselý ; Marián Zajmus 
250 |a 1. vyd. 
260 |a Bratislava  |b Veda  |c 1980  |e Bratislava  |f Svornosť 
300 |a 695 s., 62,99 AH  |b Tb. Fot. Sch.  |c 24 cm 
500 |a Lit. 18. Text čes. Rus., angl., nem. a franc. res. Reg. Opr. 
700 1 |a Veselý, Václav,  |d 1911-1997  |4 aut  |9 268 
700 1 |a Zajmus, Marián  |4 gup 
910 |a SCHK95 
954 |a mazadlá  |a oleje mazacie  |x vlastnosti  |x druhy a použitie  |a tribotechnika  |x monografie 
958 |a CZ 
958 |a TL 
999 |c 6437  |d 6437